000 00668nam a2200229Ia 4500
003 GCL
008 140319s9999 xx 000 0 ara d
040 _aGCL /
_cGCL
082 0 4 _a101
_bد م
100 1 _aجورج سعد (مترجم)
245 1 0 _aماهى الفلسفة ? /
_cجورج سعد (مترجم)
700 1 _aدولوز، جيل
700 1 _aعتارى، فيليكس
260 _a[S.N] :
_bدار عويدان الدولية ،
_c1993
300 _a223 ص
490 _aسلسلة عام 2000
_v0
650 0 4 _aالفلسفة
650 0 4 _aالفن
650 0 4 _aالفلسفة الغربية
650 0 4 _aالمنطق
942 _2ddc
_cBK
999 _c37194
_d37194